000 00268nam a2200109Ia 4500
008 190216s9999||||xx |||||||||||||| ||und||
100 _aOscar Tivis Nelson
245 0 _aPeople And Performance
260 _bAllied Publishers Limited
_c1967
300 _a366p
942 _cBK
999 _c4898
_d4898